Algunas notas acerca del uso del dato en el análisis histórico estructural

Збережено в:
Бібліографічні деталі
Автор: Cortés Cáceres, Fernando
Формат: Текст
Опубліковано: s.n.t. :
Теги: Додати тег
Немає тегів, Будьте першим, хто поставить тег для цього запису!

MARC

LEADER 00000 a a2200000 04500
001 15969
003
040
090 |a 013500  
100 |a Cortés Cáceres, Fernando  
245 |a Algunas notas acerca del uso del dato en el análisis histórico estructural  
260 |a s.n.t. :  
300 |a 9 p.  
999 |c 16877  |d 16877